000 00893nam a2200241 u 4500
005 20240320063713.0
008 100527s2008 es r 000 0 spa d
020 _a9788498721133
035 _aUPN01000176188
049 _aCG
050 4 _aPS2617
_bP6.28a
100 1 _aPoe, Edgar Allan,
_d1809-1849
_929415
245 1 4 _aLos crímenes de la Rue Morgue y el misterio de Marie Roget /
_cEdgar Allan Poe ; tr. Mauro Armiño.
260 _aBarcelona, Esp. :
_bEdiciones B,
_c2008.
300 _a224 p.
440 0 _aClub del misterio
501 _aCon : La carta robada y otros relatos de misterio /
534 _pTítulo original:
_tThe murders in the Rueg Morgue. The mistery of Marie Roget. The purloined letter
650 4 _aNovela estadounidense
_94462
650 2 _aNovela policiaca y de misterio
_98409
740 3 _aLa carta robada y otros relatos de misterio
905 _aLibro
999 _c148291
_d148291